Ucelený pohľad na veľkého priekopníka

Bibliographic Details
Main Author: Tatár, Jozef, 1954- (Author)
Format: Article
Language:Slovak
Subjects:

MARC

LEADER 00000nab a2200000 a 4500
001 vtls000673361
003 SK-MaSNL
005 20260304233201.0
008 250426c1998 xo 0 slo
015 |a SNBRB1998/10-27745 
035 |a CLN000025537 
035 |a urn:nbn:sk:snk-abeq70 
035 |a (urnnbn)urn:nbn:sk:snk:ar-000dm1 
035 |a (uuid)a3309d3d-c536-41da-b192-ecba55fe995b 
040 |a SNKBUCL  |b slo  |c SNKBUCL  |e AACR2 
041 0 |a slo 
044 |a xo  |c SK 
080 |a 801-051(048)  |2 1997 
080 |a 808.54-051(048)  |2 1997 
080 |a 930.85-051(048)  |2 1997 
080 |a 82:929:885.4(048)  |2 1997 
080 |a 885.4:929(048)  |2 1997 
080 |a 943.76-051"17/18"(048)  |2 1997 
100 1 |a Tatár, Jozef,  |d 1954-  |4 aut  |9 86031 
245 1 0 |a Ucelený pohľad na veľkého priekopníka  |c Jozef Tatár 
600 1 7 |a Bernolák, Anton,  |d 1762-1813  |2 snkbucl  |9 108364 
650 0 7 |a monografie  |2 snkbucl  |9 256509 
655 7 |a recenzie  |2 snkbucl  |9 21907 
655 7 |a články z odboru literárna veda a krásna literatúra  |2 snkbucl  |9 770045 
655 7 |a články z novín a časopisov  |2 snkbucl  |9 267496 
773 0 |t Slovenské pohľady  |g Roč. 4+114, č. 9 (1998), s. 100-101 
787 0 8 |i Rec.:  |a Maťovčík, Augustín  |t Život a dielo Antona Bernoláka  |d Bratislava : Národné literárne centrum, 1997  |z 8088878233 
787 0 8 |i Rec.:  |a Publikované tiež v:  |t Filologická revue  |g Roč. 1, č. 1 (1998), s. 74-76 
850 |a Slovenská národná knižnica 
852 |a Slovenská národná knižnica 
958 |a article27 
958 |a LX 
958 |a SK 
958 |a RC 
958 |a OND 
958 |a EUIPO 
992 |a RBX 
999 |c 3197613  |d 3199543